| 000 | 01288cam a2200337 a 4500 | ||
|---|---|---|---|
| 001 | 14283688 | ||
| 005 | 20241113115928.0 | ||
| 008 | 060302s2006 ne b 001 0 eng d | ||
| 010 | _a 2006295539 | ||
| 020 | _a9004149279 (hd.bd.) | ||
| 035 | _a(OCoLC)ocm61766601 | ||
| 040 |
_aOHX _cOHX _dBAKER _dUAB _dDLC |
||
| 042 | _alccopycat | ||
| 043 | _aa-pk--- | ||
| 050 | 0 | 0 |
_aKPL469.5 _b.L38 2006 |
| 082 | 0 | 0 |
_a340.59095491 _bLAU |
| 100 | 1 |
_aLau, Martin. _994335 |
|
| 245 | 1 | 4 |
_aThe role of Islam in the legal system of Pakistan / _cby Martin Lau. |
| 260 |
_aLeiden ; _aBoston : _bM. Nijhoff, _cc2006. |
||
| 300 |
_aviii, 247 p. ; _c25 cm. |
||
| 490 | 1 |
_aLondon-Leiden series on law, administration and development ; _vv. 9 |
|
| 504 | _aIncludes bibliographical references (p. 213-216) and index. | ||
| 650 | 0 |
_aIslamic law _zPakistan. _994071 |
|
| 650 | 0 |
_aLaw _zPakistan. _955427 |
|
| 650 | 0 | _aNLS2024, NLSTEXTBOOKS, NLSEBOOKBANK | |
| 830 | 0 |
_aLondon-Leiden series on law, administration and development ; _v9. _994336 |
|
| 856 | _uhttp://10.250.8.41:8080/xmlui/handle/123456789/47914 | ||
| 906 |
_a7 _bcbc _ccopycat _d2 _encip _f20 _gy-gencatlg |
||
| 942 |
_2ddc _cBK |
||
| 999 |
_c590465 _d590465 |
||